Euroázia v 21. storočí

Názory Z. Brzezinského na spôsob riešenia mocenských sporov na začiatku tretieho tisícročia a jeho geopolitické vízie. Vytvorenie euroázijského impéria podľa A. Dugina.

Guardado en:
Detalles Bibliográficos
Autor principal: Volner, Štefan
Formato: Capítulo de libro
Lenguaje:checo
Materias:
Etiquetas: Agregar Etiqueta
Sin Etiquetas, Sea el primero en etiquetar este registro!

MARC

LEADER 00000naa$a2200000$$$4500
001 0038508
005 20221019094730.8
041 0 |a cze 
044 |a SK 
245 1 0 |a Euroázia v 21. storočí  |c Štefan Volner 
520 |a Názory Z. Brzezinského na spôsob riešenia mocenských sporov na začiatku tretieho tisícročia a jeho geopolitické vízie. Vytvorenie euroázijského impéria podľa A. Dugina. 
610 2 0 |a geopolitika 
610 2 0 |a vízie 
610 2 0 |a konflikty medzinárodné 
610 2 0 |a bezpečnosť 
100 1 |a Volner, Štefan